L'Escola a Empúries : dossier didàctic dossier didàctic
Publicado:
[S.l.] :
Conjunt Monumental d'Empúries, Organisme Autònom de la Diputació de Barcelona, [199 - ?]
Descripción Física:
[91] p. : il. ; 21 cm
Materias:
Empúries (Ciutat antiga) -- Guies
MARC
| LEADER | 00000nam a2200000Ia 4500 | ||
|---|---|---|---|
| 001 | 11717 | ||
| 008 | 160829s9999 xx 000 0 cat d | ||
| 080 | |a H-1-166 | ||
| 245 | |a L'Escola a Empúries : |b dossier didàctic | ||
| 260 | |a [S.l.] : |b Conjunt Monumental d'Empúries, Organisme Autònom de la Diputació de Barcelona, [199 - ?] | ||
| 300 | |a [91] p. : |b il. ; |c 21 cm | ||
| 651 | 0 | |a Empúries (Ciutat antiga) |v Guies |9 54668 | |
| 710 | 2 | |a Conjunt Monumental d'Empúries |9 54669 | |
| 901 | |a Arxiu | ||
| 942 | |n 1 | ||
| 952 | |0 0 |1 0 |4 0 |6 H1166 |7 1 |9 45341 |a Arxiu |b Arxiu |d 2016-12-01 |l 0 |o H-1-166 |p 11717 |r 2016-12-01 00:00:00 |w 2016-12-01 |y ARXIU | ||
| 999 | |c 48415 |d 48415 | ||